| 000 | 00725nam a22001337a 4500 | ||
|---|---|---|---|
| 040 | _cRUA | ||
| 082 | _aLMA OU 2017 B640 Or.1 | ||
| 100 | _aOU FARINHAY អ៊ូ ហ្វារិនហៃ | ||
| 245 | _astudy on recurrent chageland market in sangkat prey sor, khan dangkao,phnom penh សិក្សាពីចរន្ដការផ្លាស់ប្ដូរទីផ្សារដីធ្លីនៅក្នុងសង្កាត់ព្រៃសរ ខណ្ឌដង្កោ រាជធានីភ្នំពេញ | ||
| 260 |
_aphnom penh _brua _c2017 |
||
| 300 |
_axi;61p; _bill; _c29cm |
||
| 856 | _uhttps://drive.google.com/file/d/1cKkMweATHKv5V3xOjBzzMIThOpUA6VD0/view?usp=sharing | ||
| 942 | _cLMA | ||
| 999 |
_c18135 _d18135 |
||